00821nam a22002171 450000100060000000300080000600500170001400800390003103500190007003500180008904000400010704100080014708200200015510000370017524501270021226000630033930000240040250400420042660000870046860000480055518756BD-RjUL20211209000329.0140222s1966 ncu b 001 1 eng a(BD-RjUL)18814 a(OCoLC)272325 aDLCcOWoCdOCoLCdDLCdBD-RjULbeng aeng a823.6bHAL 19661 aHartley, Lodwick Charles,d1906-10aLaurence Sterne in the twentieth century :ban essay and a bibliography of Sternean studies, 1900-1965 /cLodwick Hartley. aChapel Hill :bUniversity of North Carolina Press,cc1966. ax, 189 p. ;c24 cm. aBibliography: p. [75]-180. and index.10aSterne, Laurence,d1713-1768xCriticism and interpretationxHistoryy20th century.10aSterne, Laurence,d1713-1768xBibliography.